000 00467nam a2200193 a 4500
001 1757587867643
003 ACL
005 20250911162236.0
008 250911s2002##################000#0#eng##
020 _a9780747558309
082 0 4 _a791.092273
_bLAH
100 1 _aLahr, John,
_eauthor.
245 1 0 _aShow and Tell :
260 _bBloomsbury Paperbacks,
_c2002.
300 _a335 pages
650 0 _aCelebrities.
942 _cENGLISH
040 _aACL
_beng
_cACL
999 _c586552
_d586552